Defunct Airlines of the USA - Statistics

General Stats
  • This quiz has been taken 423 times
  • The average score is 10 of 33
Answer Stats
Hint Answer % Correct
1991, New York Pan American World Airways
84%
2001, St. Louis Trans World Airlines
72%
2010, Minneapolis Northwest Airlines
70%
2012, Houston Continental Airlines
67%
1991, Miami Eastern Airlines
62%
2008, Honolulu Aloha Airlines
52%
2005, Phoenix America West Airlines
41%
1982, Dallas Braniff International Airways
40%
1984, Miami Air Florida
35%
1988, San Diego Pacific Southwest Airlines
34%
2010, Milwaukee Midwest Airlines
33%
1987, Los Angeles Western Airlines
33%
1989, Winston-Salem Piedmont Airlines
31%
1999, Reno Reno Air
30%
1979, Atlanta Southern Airways
27%
1987, New York New York Air
25%
2008, Indianapolis ATA
22%
1980, Miami National Airlines
22%
1987, New York People Express
21%
1991, Chicago Midway Airlines
20%
1986, Minneapolis Republic Airlines
20%
1986, St. Louis Ozark Airlines
19%
2010, Guam Continental Micronesia
15%
1980, San Francisco Hughes Airwest
15%
2012, Cincinnati Comair
12%
1979, Minneapolis North Central Airlines
11%
2008, Billings Big Sky
10%
1991, Newark Kiwi International Air Lines
8%
2000, New York Tower Air
8%
1985, Alaska Wien Air Alaska
8%
2006, Orlando Song
7%
2012, Minneapolis Mesaba Airlines
6%
1995, Anchorage MarkAir
2%
No matching quizzes found
Score Distribution
Percent of People with Each Score
Percentile by Number Answered
Your Score History
You have not taken this quiz